Score 0/17 Timer 03:00
0 Plays Today
Hint 3-letter word % Correct
Pro's oppositeCON
96.6%
Beer holderCAN
92.9%
Picasso outputART
92.6%
▪ It's up your sleeve ▪▪ARM▪
90.9%
▪ Beach shade ▪▪TAN▪
88.7%
Adjust an arrow, sayAIM
88.5%
14-time NBA All-Star DuncanTIM
83.6%
Tartan topperTAM
81.3%
▪ Trig. Ratio ▪▪COS▪
77.6%
Hint 3-letter word % Correct
▪ Yours might be pulled by a joker ▪▪LEG▪
75.7%
Wimbledon do-overLET
71.4%
Little six-footerANT
66.8%
Tolkien critterENT
60.8%
▪ Couple maker ▪▪AND▪
60.2%
Long. crosserLAT
59.7%
Absorb, as costsEAT
59.5%
'Gronk' of the NFL is oneEND
58.8%

Today's Daily Dose

Quick Pick
Colorful Movies

Get the Picture
Dog Breeds II

Remove Ads.
Support Sporcle.
Get the best of Sporcle when you Go Orange. This ad-free experience offers more features, more stats, and more fun while also helping to support Sporcle. Thank you for becoming a member.

You're not logged in!

Compare scores with friends on all Sporcle quizzes.
OR
Log In

Show Comments

Extras

Top Quizzes Today


Score Distribution

Your Account Isn't Verified!

In order to create a playlist on Sporcle, you need to verify the email address you used during registration. Go to your Sporcle Settings to finish the process.

Report this User

Report this user for behavior that violates our Community Guidelines.

Details: